[Event "Sharjah WGP 2014"]
[Site "Sharjah UAE"]
[Date "2014.08.25"]
[Round "1"]
[White "Muminova, N."]
[Black "Hou Yifan"]
[Result "0-1"]
[WhiteElo "2315"]
[BlackElo "2661"]
[PlyCount "84"]
[EventDate "2014.08.25"]
[WhiteTeamCountry "BRA"]
[BlackTeamCountry "NED"]

1. e4 c5 2. Nf3 Nc6 3. Bb5 g6 4. O-O Bg7 5. c3 Nf6 6. Re1 O-O 7. h3 Qb6 8. Ba4
Rd8 9. d3 d5 10. e5 Nd7 11. d4 Nf8 12. Na3 cxd4 13. cxd4 Bf5 14. Be3 Ne6 15.
Qd2 Be4 16. Rad1 Bxf3 17. gxf3 Rac8 18. f4 Kh8 19. Bb5 Bh6 20. Be2 Ng7 21. Nb5
Nf5 22. Nc3 e6 23. Bg4 Nh4 24. Kh1 Rg8 25. Rc1 Bf8 26. Red1 Qd8 27. Qe2 Rg7 28.
Na4 h5 29. Bf3 Nf5 30. Bg2 Qh4 31. Qd2 Be7 32. Nc5 g5 33. Nxb7 gxf4 34. Bxf4
Rcg8 35. Bg3 Rxg3 36. fxg3 Nxg3+ 37. Kg1 Bg5 38. Qf2 Bxc1 39. Rxc1 Nxd4 40. Re1
Ngf5 41. Nd6 Nf3+ 42. Qxf3 Qxe1+ 0-1

[Event "89th ch-FRA 2014"]
[Site "Nimes FRA"]
[Date "2014.08.20"]
[Round "4.6"]
[White "Bacrot, E."]
[Black "Sokolov, And1"]
[Result "1-0"]
[WhiteElo "2720"]
[BlackElo "2556"]
[PlyCount "61"]
[EventDate "2014.08.17"]
[WhiteTeamCountry "BRA"]
[BlackTeamCountry "NED"]

1. d4 Nf6 2. c4 e6 3. Nf3 Bb4+ 4. Bd2 c5 5. Bxb4 cxb4 6. Nbd2 O-O 7. e3 b6 8.
Bd3 Bb7 9. Qc2 d6 10. g4 g6 11. h4 Nxg4 12. h5 f5 13. hxg6 hxg6 14. Ke2 Qf6 15.
Rh4 Nc6 16. Rah1 Rae8 17. Qa4 Re7 18. R1h3 e5 19. d5 Nd4+ 20. exd4 e4 21. Kf1
exd3 22. Qxa7 b5 23. c5 Ra8 24. Qb6 dxc5 25. d6 Rd7 26. Qxb5 Rf7 27. Qc4 b3 28.
a3 Raf8 29. d7 Qe7 30. Rh8+ Kg7 31. R3h7+ 1-0

[Event "5th Yaroslav the Wise Rapid"]
[Site "Yaroslavl RUS"]
[Date "2014.08.26"]
[Round "3.2"]
[White "Nepomniachtchi, I."]
[Black "Potkin, V."]
[Result "1-0"]
[WhiteElo "2714"]
[BlackElo "2610"]
[PlyCount "59"]
[EventDate "2014.08.26"]
[WhiteTeamCountry "BRA"]
[BlackTeamCountry "NED"]

1. e4 c5 2. Nc3 e6 3. Nge2 Nc6 4. g3 Nf6 5. Bg2 Be7 6. O-O O-O 7. f4 d5 8. e5
Nd7 9. d3 Rb8 10. a4 a6 11. g4 b5 12. axb5 axb5 13. Ng3 b4 14. Nce2 f6 15. exf6
Nxf6 16. g5 Ne8 17. h4 Nd6 18. f5 Nxf5 19. Nxf5 exf5 20. Nf4 Ne5 21. Qh5 g6 22.
Qe2 Bd6 23. Bxd5+ Kh8 24. b3 Re8 25. Bb2 Qc7 26. Rfe1 Bd7 27. Ra6 Rb6 28. Ra7
Qxa7 29. Qxe5+ Bxe5 30. Rxe5 1-0

[Event "TCh-SRB Premier 2014"]
[Site "Palic SRB"]
[Date "2014.08.30"]
[Round "1.5"]
[White "Rapport, R."]
[Black "Mista, A."]
[Result "1-0"]
[WhiteElo "2704"]
[BlackElo "2613"]
[PlyCount "45"]
[EventDate "2014.08.30"]
[WhiteTeam "SK RADNICKI VODOVOD - Kragujevac"]
[BlackTeam "SK JELICA PEP - Goracici"]

1. b3 b6 2. e4 Bb7 3. Nc3 e6 4. Bb2 c5 5. f4 Nc6 6. Nf3 Nd4 7. Bd3 f5 8. O-O
Nf6 9. exf5 Nxf3+ 10. Rxf3 Bxf3 11. Qxf3 Be7 12. g4 O-O 13. g5 Ne8 14. fxe6
dxe6 15. Qh3 Qd4+ 16. Kh1 g6 17. Qxe6+ Rf7 18. Bc4 Nd6 19. Bd5 Re8 20. Nb5 Qxb2
21. Nxd6 Qxa1+ 22. Kg2 Ref8 23. Qxe7 1-0